000 00520nam a2200181Ia 4500
005 20250326125644.0
008 250326s9999 xx 000 0 und d
037 _aTextbook
040 _aFMSL
_beng
_cFMSL
041 _aeng
_2eng
084 _aX:8(L:14) L2
_qFMSL
100 _aDHSS
_9739431
245 0 _aManagement arrangements for the reorganised national health service
_cDHSS
260 _aLondon
_bLondon, HMSO
_c1972
300 _a173p
942 _cTB
_hX:8(L:14) L2
999 _c1278974
_d1278974